A népi kendermunka műszókincse az Ormányságban

Elmentve itt :
Bibliográfiai részletek
Szerző: Petkó Mária
További közreműködők: Kristó Gyuláné (Témavezető)
Dokumentumtípus: Szakdolgozat
Megjelent: 1999
Tárgyszavak:
Online Access:http://diploma.bibl.u-szeged.hu/95755
LEADER 00789nta a2200217 i 4500
001 dipl95755
005 20201210150921.0
008 201210s1999 hu om 0|| zxx d
040 |a SZTE Diploma Repozitórium  |b hun 
041 |a zxx 
100 1 |a Petkó Mária 
245 1 2 |a A népi kendermunka műszókincse az Ormányságban  |h [elektronikus dokumentum] /  |c Mária Petkó 
260 |c 1999 
650 4 |a Bölcsészettudományok 
650 4 |a Humanities 
650 4 |a History and archaeology 
650 4 |a Collective memories, identities, lieux de mémoire, oral history 
650 4 |a Cultural heritage, cultural memory 
650 4 |a Languages and Literature 
700 1 |a Kristó Gyuláné  |e ths 
856 4 0 |u http://diploma.bibl.u-szeged.hu/id/eprint/95755/1/1999_petko_maria.pdf  |z Dokumentum-elérés